Rasy psów [poziom łatwy] #1 - Statystyki

Ogólne statystyki
  • Ten quiz został rozwiązany 439 razy
  • Średni wynik to 14 z 24
Statystyki odpowiedzi
Obrazkowy Odpowiedź % Poprawnych
Owczarek niemiecki
98%
Jamnik krótkowłosy
91%
Dalmatyńczyk
88%
Mops
86%
Golden retriver
80%
Maltańczyk
74%
Border Collie
72%
Bernardyn
71%
Beagle
69%
Labrador retriver
68%
Akita
60%
Bokser
59%
Chow chow
59%
Shih tzu
58%
Rottweiler
56%
Chihuahua
51%
Pekińczyk
51%
Samojed
48%
Owczarek podhalański
43%
Sznaucer miniaturowy
42%
Owczarek szkocki
39%
Berneński pies pasterski
38%
Owczarek kaukaski
30%
Bearded Collie
5%
Nie znaleziono quizów pasujących do podanych kryteriów
Rozkład punktacji
Procent ludzi z każdym wynikiem
Percentyl według liczby udzielonych odpowiedzi
Twoja historia wyników
Nie rozwiązałeś tego quizu